• 首页
  • 本馆介绍
  • 公告通知
  • 最新文献
  • 馆藏检索
  • 电子资源
  • 读者导购
  • 参考咨询
  • 我的图书馆
  • 登录
  • 详细信息显示
  • 放入我的书架
  • 预约/预借图书
  • 作者相关作品
  • 分类相关作品
  • 丛书相关作品
  • 出版社相关作品

书目信息

  • 表格格式
  • 工作单格式
  • 卡片格式
题名:
聚合物结构与性能
    
 
作者: 马德柱 主编
分册:   性能篇
出版信息: 北京   科学出版社  2013.03
页数: 581页
开本: 26cm
丛书名:
单 册:
中图分类: O631.1
科图分类:
主题词: 高聚物结构--结构分析--高等教育--教材 , 高聚物--性能分析--高等教育--教材 , 高聚物结构 , 结构分析 , 高聚物 , 性能分析
电子资源:
ISBN: 978-7-03-036903-1
000 01040nam0 2200313 450
001 010050043548
005 20140610104105.26
010    @a978-7-03-036903-1@dCNY99.00
100    @a20130416d2013 em y0chiy50 ea
101 0  @achi
102    @aCN@b110000
105    @aa z 000yy
106    @ar
200 1  @a聚合物结构与性能@9ju he wu jie gou yu xing neng@i性能篇@f马德柱主编
210    @a北京@c科学出版社@d2013.03
215    @a581页@c图@d26cm
300    @a普通高等教育“十二五”规划教材
330    @a本书共11章,包括聚合物高弹性,聚合物黏弹性,聚合物屈服、断裂与强度,聚合物流变性,聚合物的介电和离子导电性能,导电聚合物结构与性能等。
333    @a高校高分子物理及相关专业的高年级本科生和研究生
606 0  @a高聚物结构@x结构分析@x高等教育@j教材
606 0  @a高聚物@x性能分析@x高等教育@j教材
606 0  @a高聚物结构
606 0  @a结构分析
606 0  @a高聚物
606 0  @a性能分析
690    @aO631.1@v5
701  0 @a马德柱@9ma de zhu@4主编
801  0 @aCN@b人天书店@c20130416
905    @b846302-04@dO631.1@e85@f3
    
    聚合物结构与性能.性能篇/马德柱主编.-北京:科学出版社,2013.03
    581页:图;26cm
    普通高等教育“十二五”规划教材.-使用对象:高校高分子物理及相关专业的高年级本科生和研究生
    
    ISBN 978-7-03-036903-1:CNY99.00
    本书共11章,包括聚合物高弹性,聚合物黏弹性,聚合物屈服、断裂与强度,聚合物流变性,聚合物的介电和离子导电性能,导电聚合物结构与性能等。
●
相关链接 在E读中查询图书 在五车中查询图书 在当当中查询图书 在豆瓣中查询图书


正题名:聚合物结构与性能     索取号:O631.1/85         预约/预借

序号 登录号 条形码 馆藏地/架位号 状态 备注
1 846302   208463027   第二样本阅览室/ [索取号:O631.1/85] 在馆    
2 846303   208463036   化学系资料室/ [索取号:O631.1/85] 在馆    
3 846304   208463045   第三借阅区/ [索取号:O631.1/85] 在馆    
唐山师范学院图书馆 欢迎您!
大连网信软件有限公司© 版权所有